| 000 | 00820nam a22002417a 4500 | ||
|---|---|---|---|
| 005 | 20110823165054.0 | ||
| 008 | 110823t xxu||||| |||| 00| 0 eng d | ||
| 010 | _aENG-103573 | ||
| 020 | _c159.00 | ||
| 035 | _aEN-87106 | ||
| 037 | _bDBAD/PUB | ||
| 040 |
_aDPL _bEng |
||
| 082 | _a658.87 | ||
| 100 | _933301 | ||
| 245 |
_aRahul's topper's voice J.N.T.U. M.B.A III semester retailing management : _bstudy manual , previous question papers |
||
| 260 |
_aHyderabad _bRahul Publications _c2010-2011 |
||
| 270 |
_bHyderabad _e195 |
||
| 300 |
_aiii,192p. _c24cm (pbk) |
||
| 650 | _933306 | ||
| 700 | _933298 | ||
| 942 |
_2ddc _cEN _h658.87 _mRAH |
||
| 999 |
_c55844 _d55844 |
||